| 000 | 01042nam a2200277 i 4500 | ||
|---|---|---|---|
| 001 | bg | ||
| 946 | _uzamówienie stałe | ||
| 245 | 0 | 0 |
_aSłownik biograficzny techników polskich. / _c[red. nauk. Józef Piłatowicz] ; Federacja Stowarzyszeń Naukowo-Technicznych _nT. 14. |
| 260 |
_aWarszawa : _bFSN-T, _c2003. |
||
| 300 |
_a214, [3] s. ; _c24 cm. |
||
| 504 | _aBibliogr. przy hasłach - Indeks. | ||
| 650 | 9 |
_aInżynierowie _xbiografie _zPolska _y19-20 w. |
|
| 650 | 9 |
_aPracownicy naukowi _xbiografie _zPolska _y19-20 w. |
|
| 700 | 1 |
_aSKOCZYŃSKI, Zbigniew. _eRed. |
|
| 700 | 1 |
_aPIŁATOWICZ, Józef. _eRed. |
|
| 710 | 0 | _aFederacja Stowarzyszeń Naukowo-Technicznych NOT | |
| 020 | _a8385001328 (całość) | ||
| 020 | _a8385001378 (t.14) | ||
| 040 | _cBPK | ||
| 041 | 0 | _apol | |
| 080 | _a62:929-052](438)"18/19" | ||
| 920 | _a83-85001-32-8 (całość) | ||
| 920 | _a83-85001-37-8 (t.14) | ||
| 942 | _cKS | ||
| 008 | s pl f |000 0 pol | ||
| 999 |
_c43626 _d43626 |
||
| 856 |
_uhttp://koha.tu.koszalin.pl/cgi-bin/koha/opac-detail.pl?biblionumber=43626 _yKatalog online BPK |
||